000 00393nam a2200169Ia 4500
008 230524s9999 xx 000 0 und d
020 _a8123904010
082 _a681.76
_bCHA
100 _aWAJ Champman
245 0 _aWorkshop Technology Part-I
250 _a5TH
260 _aNEW DELHI
_bCBS
_c2001
300 _a412
500 _aQuantity Number: 16
650 _aWorkshop
942 _cBK
999 _c26510
_d26510